Boston MTBA Subway stations - Statistics

General Stats
  • This quiz has been taken 91 times
  • The average score is 54 of 145
Answer Stats
Station Line(s) % Correct
Braintree Red Line (Braintree)
83%
South Station Red Line, Silver Line (SL1), Silver Line (SL2), Silver Line (SL4)
79%
Airport Blue Line
77%
Ashmont Red Line (Ashmont), Red Line (High Speed)
77%
Harvard Red Line
77%
Kendall/MIT Red Line
77%
Aquarium Blue Line
76%
Downtown Crossing Orange Line, Red Line, Silver Line (SL5)
76%
Alewife Red Line
74%
North Station Orange Line, Green Line (C), Green Line (E)
74%
Park Street Red Line, Green Line (B), Green Line (C), Green Line (D), Green Line (E)
74%
Boston College Green Line (B)
73%
Fenway Green Line (D)
71%
Copley Green Line
70%
Wonderland Blue Line
70%
Chinatown Orange Line, Silver Line (SL4), Silver Line (SL5)
68%
JFK/Umass Red Line
68%
Arlington Green Line
67%
Back Bay Orange Line
65%
Haymarket Orange Line, Green Line (C), Green Line (E)
64%
Charles/MGH Red Line
62%
Government Center Blue Line, Green Line (C), Green Line (D), Green Line (E)
62%
Kenmore Green Line (B), Green Line (C), Green Line (D)
62%
Cleveland Circle Green Line (C)
61%
Forest Hills Orange Line
61%
Bowdoin Blue Line
59%
Prudential Green Line (E)
59%
Riverside Green Line (D)
59%
Boylston Green Line, Silver Line (SL5)
58%
Lechmere Green Line (E)
58%
Porter Red Line
58%
Central Red Line
56%
Mattapan Red Line (High Speed)
56%
State Blue Line, Orange Line
56%
Oak Grove Orange Line
55%
Symphony Green Line (E)
55%
Andrew Red Line
53%
Heath Street Green Line (E)
53%
Maverick Blue Line
53%
Revere Beach Blue Line
53%
Science Park Green Line (E)
53%
Davis Red Line
52%
Boston University East Green Line (B)
50%
Ruggles Orange Line
50%
Boston University West Green Line (B)
48%
North Quincy Red Line (Braintree)
48%
Tufts Medical Center Orange Line, Silver Line (SL4), Silver Line (SL5)
48%
Broadway Red Line
47%
Longwood Green Line (D)
45%
Malden Center Orange Line
45%
Quincy Center Red Line (Braintree)
45%
Boston University Central Green Line (B)
44%
Hynes Convention Center Green Line (B), Green Line (C), Green Line (D)
44%
Quincy Adams Red Line (Braintree)
44%
Wellington Orange Line
44%
Community College Orange Line
42%
Sullivan Square Orange Line
42%
Coolidge Corner Green Line (C)
41%
Chestnut Hill Green Line (D)
39%
Museum of Fine Arts Green Line (E)
39%
Assembly Orange line
38%
Jackson Square Orange Line
38%
Massachusetts Avenue Orange Line | Silver Line (SL4), Silver Line (SL5)
38%
Orient Heights Blue Line
36%
Roxbury Crossing Orange Line
36%
Beachmont Blue Line
35%
Brookline Village Green Line (D)
35%
Green Street Orange Line
35%
Savin Hill Red Line (Ashmont)
35%
Wollaston Red Line (Braintree)
35%
Fields Corner Red Line (Ashmont)
33%
Reservoir Green Line (D)
33%
Suffolk Downs Blue Line
33%
Newton Centre Green Line (D)
32%
Shawmut Red Line (Ashmont)
32%
Waban Green Line (D)
32%
Wood Island Blue Line
32%
Back of the Hill Green Line (E)
30%
Blandford Street Green Line (B)
30%
Courthouse Silver Line (SL1), Silver Line (SL2)
30%
Milton Red Line (High Speed)
30%
Stony Brook Orange Line
30%
St. Paul Street Green Line (B) | Green Line (C)
30%
Newton Highlands Green Line (D)
29%
World Trade Center Silver Line (SL1), Silver Line (SL2)
29%
Allston Street Green Line (B)
27%
Babcock Street Green Line (B)
27%
Terminal A Silver Line (SL1)
27%
Terminal B Stop 1 Silver Line (SL1)
27%
Terminal B Stop 2 Silver Line (SL1)
27%
Terminal C Silver Line (SL1)
27%
Terminal E Silver Line (SL1)
27%
Brigham Circle Green Line (E)
26%
Packards Corner Green Line (B)
26%
Beaconsfield Green Line (D)
24%
Dudley Square Silver Line (SL4), Silver Line (SL5)
24%
South Street Green Line (B)
24%
Brookline Hills Green Line (D)
23%
Kent Street Green Line (C)
23%
St. Mary's Street Green Line (C)
23%
Washington Square Green Line (B) | Green Line (C)
23%
Eliot Green Line (D)
21%
Griggs Street/Long Avenue Green Line (B)
21%
Pleasant Street Green Line (B)
21%
Riverway Green Line (E)
21%
Woodland Green Line (D)
21%
Chestnut Hill Avenue Green Line (B)
20%
Chiswick Road Green Line (B)
20%
Harvard Avenue Green Line (B)
20%
Hawes Street Green Line (C)
20%
Capen Street Red Line (High Speed)
18%
Dean Road Green Line (C)
18%
Englewood Avenue Green Line (C)
18%
Fairbanks Green Line (C)
18%
Longwood Medical Area Green Line (E)
18%
Silver Line Way Silver Line (SL1), Silver Line (SL2)
18%
Summit Avenue Green Line (C)
18%
Warren Street Green Line (B)
18%
Butler Red Line (High Speed)
17%
Design Center Silver Line (SL2)
17%
Fenwood Road Green Line (E)
17%
Mission Park Green Line (E)
17%
Tappan Street Green Line (C)
17%
Valley Road Red Line (High Speed)
17%
Cedar Grove Red Line (High Speed)
15%
Sutherland Road Green Line (B)
15%
Central Avenue Red Line (High Speed)
14%
Northern Avenue & Tide Street Silver Line (SL2)
14%
East Berkeley Street Silver Line (SL4), Silver Line (SL5)
12%
Lenox Street Silver Line (SL4), Silver Line (SL5)
12%
Herald Street Silver line (SL4), Silver Line (SL5)
11%
Melnea Cass Boulevard Silver Line (SL4), Silver Line (SL5)
11%
Newton Street Silver Line (SL4), Silver Line (SL5)
11%
Worcester Square Silver Lime (SL4), Silver Line (SL5)
11%
Northern Avenue & Harbour Street Silver Line (SL2)
9%
88 Black Falcon Avenue Silver line (SL2)
8%
Union Park Street Silver Line (SL4), Silver Line (SL5)
8%
21 Dry Dock Avenue Silver line (SL2)
6%
25 Dry Dock Avenue Silver line (SL2)
6%
306 Northern Avenue Silver line (SL2)
5%
Brandon Hill Green Line (C)
2%
Northeastern Univerity Green Line (E)
0%
No matching quizzes found
Score Distribution
Percent of People with Each Score
Percentile by Number Answered
Your Score History
You have not taken this quiz